South American Capitals - Statistics

General Stats
  • This quiz has been taken 6,681 times
    6,669 since last reset
  • The average score is 10 of 13
Answer Stats
Country Capital % Correct
Brazil Brasilia
95%
Argentina Buenos Aires
93%
Peru Lima
90%
Chile Santiago
88%
Colombia Bogota
84%
Bolivia La Paz/Sucre
80%
Venezuela Caracas
79%
Uruguay Montevideo
78%
Ecuador Quito
76%
Guyana Georgetown
65%
Paraguay Asuncion
63%
Suriname Paramaribo
53%
French Guiana Cayenne
25%
No matching quizzes found
Score Distribution
Percent of People with Each Score
Percentile by Number Answered
Your Score History
You have not taken this quiz since the last reset